000 004460000a22001810004500
020 _a0-87808-219-0
041 0 _aENG
082 0 4 _aG 266 M459n
100 1 _aMaust, John
245 1 0 _aNew song in the Andes / John Maust
260 _aPasadena, CA., USA : William Carey
300 _a141 Pag
001 7392
942 _cBK
999 _c37607
_d37607
336 _atexto
_btxt
_2rdacontent
337 _2rdamedia
_asin mediación
_bn
338 _2rdacarrier
_avolumen
_bnc